| 000 | 00783nam a2200241Ia 4500 | ||
|---|---|---|---|
| 003 | OSt | ||
| 005 | 20220926004850.0 | ||
| 006 | a|||||r|||| 00| 0 | ||
| 007 | ta | ||
| 008 | 220923b |||||||| |||| 00| 0 eng d | ||
| 020 |
_a9789351500728 _c950.00 |
||
| 037 |
_b5767, 09/03/2017, RAJKIRAN BOOK AGENCY _cGeneral Book |
||
| 040 |
_aRTL _cRTL _beng |
||
| 041 |
_2eng _aeng |
||
| 082 | _aQ7y7L86, Q5 | ||
| 100 |
_aQADIR Altaf _9309366 |
||
| 245 | 0 |
_aSaygid Ahmad Barailvi _b His movement and legacy from the pukhtun perspective |
|
| 260 |
_a New Delhi _bSage _c2015 |
||
| 300 |
_axxv,224p. _ccm. |
||
| 500 | _aBibliography: 253-254p. | ||
| 942 |
_hQ7y7L86, Q5 _cGB _2CC |
||
| 999 |
_c612435 _d612435 |
||